| 000 | 01508cam a2200361Ii 4500 | ||
|---|---|---|---|
| 001 | om1369850931 | ||
| 003 | EG-ScBUE | ||
| 005 | 20230907102347.0 | ||
| 008 | 210703t2021 enka f b 001 0 eng d | ||
| 020 | _a9781527571662 | ||
| 040 |
_aYDX _beng _erda _cYDX _dUKMGB _dOCLCO _dOCLCF _dHUL _dMNN _dCDX _dEG-ScBUE |
||
| 043 | _aa------ | ||
| 082 | 0 | 4 |
_a101 _222 _bTHI |
| 245 | 0 | 0 |
_aThinking with Animation / _cedited by Joff P.N. Bradley and Catherine Ju-Yu Cheng. |
| 264 | 1 |
_aNewcastle-upon-Tyne : _bCambridge Scholars Publisher, _c2021. |
|
| 264 | 4 | _c©2021 | |
| 300 |
_axxxi, 263 pages : _billustrations ; _c21 cm |
||
| 336 |
_atext _2rdacontent _btxt |
||
| 337 |
_aunmediated _2rdamedia _bn |
||
| 338 |
_avolume _2rdacarrier _bnc |
||
| 504 | _aIncludes bibliographical references and index. | ||
| 650 | 7 |
_aAnimation (Cinematography) _2BUEsh |
|
| 650 | 7 |
_aAnimation (Cinematography) _xPhilosophy. _2BUEsh |
|
| 650 | 7 |
_aAnimation (Cinematography) _zAsia. _2BUEsh |
|
| 650 | 7 |
_aComic books, strips, etc. _2BUEsh |
|
| 653 |
_bART _2IA |
||
| 655 | _vReading book | ||
| 700 | 1 |
_aBradley, Joff, _eeditor. |
|
| 700 | 1 |
_aCheng, Catherine Ju-Yu, _eeditor. |
|
| 776 | 0 | 8 |
_iebook version: _tThinking with Animation _dNewcastle-upon-Tyne : Cambridge Scholars Publisher, 2021 _z9781527573611 _w(OCoLC)1264469726 |
| 942 |
_2ddc _cBB |
||
| 949 |
_tNONCIRC _l_ULDEMAND _mI-UNIVLIB _o.PUBLIC. Books on Demand service for IUPUI University Library users only _o.PUBLIC. Click the “Get this for IUPUI” button to submit a request. |
||
| 999 |
_c30547 _d30518 |
||